000 00424nam a2200181 a 4500
001 11941
003 CO-ViMGA
008 141112s2004 ck r 000 u spa d
020 _a9586333167
040 _aCO-ViMGA
_bspa
_cCO-ViMGA
082 0 4 _a823.3 S267i
100 1 _aScott, Walter
_916812
245 1 0 _aIvanhoe
260 _aBogotá Rei Andes.1993.
300 _a509.p.il.
650 1 4 _aNOVELA INGLESA
942 _2ddc
_cBK
999 _c23009
_d23009